[Event "V Ubeda Open"]
[Site "Ubeda ESP"]
[Date "2000.01.27"]
[Round "9"]
[White "Yagupov,I"]
[Black "Ivanov,J"]
[Result "1/2-1/2"]
[WhiteElo "2482"]
[BlackElo "2440"]

1.e4 c5 2.Nf3 e6 3.d4 cxd4 4.Nxd4 a6 5.Bd3 Nc6 6.Nxc6 dxc6 7.O-O e5 8.Nd2 Nf6
9.Nc4 Qc7 10.Be3 Be6 11.Bb6 Qb8 12.Qe1 Bxc4 13.Bxc4 Bd6 14.a4 Bc7 15.Bxc7 Qxc7
16.a5 O-O 17.Qe3 Rad8 18.c3 Rd7 19.f3 Rfd8 20.Ra3 h6 21.Rfa1 Rd1+ 22.Rxd1 Rxd1+
23.Bf1 Qd6 24.b4 Nd7 25.Ra2 Nf8 26.g3 Ne6 27.Kf2 Qd8 28.Be2 Rd7 29.Ke1 Qg5
30.Qxg5 hxg5 31.Rd2 Rxd2 32.Kxd2 Kf8 33.Bf1 Ke7 34.Bh3 Kd6 35.Kd3 Nf8 36.Bc8 Kc7
37.Bg4 Nh7 38.h4 Nf6 39.hxg5 Nxg4 40.fxg4 g6 41.Kc4 Kd6 42.Kd3 Kc7 43.Kc4  1/2-1/2

[Event "NED-chT"]
[Site "Amsterdam NED"]
[Date "2000.02.06"]
[Round "2"]
[White "Van Haastert,E"]
[Black "Henrichs,T"]
[Result "1/2-1/2"]
[WhiteElo "2419"]
[BlackElo "2428"]

1.e4 c5 2.Nf3 e6 3.d4 cxd4 4.Nxd4 a6 5.Bd3 Nf6 6.O-O Qc7 7.Qe2 d6 8.c4 Nbd7
9.Nc3 Ne5 10.Kh1 Be7 11.f4 Nxd3 12.Qxd3 O-O 13.b3 b6 14.Bb2 Re8 15.e5 dxe5
16.fxe5 Qxe5 17.Nc6 Qc7 18.Nxe7+ Qxe7 19.Na4 Nd7 20.Ba3 Ne5 21.Bxe7  1/2-1/2

[Event "NED-chT"]
[Site "Amsterdam NED"]
[Date "2000.02.06"]
[Round "2"]
[White "Vedder,H"]
[Black "Donk,M"]
[Result "0-1"]
[WhiteElo "2389"]
[BlackElo "2312"]

1.e4 c5 2.Nf3 e6 3.d4 cxd4 4.Nxd4 a6 5.Bd3 Nf6 6.O-O Qc7 7.Qe2 d6 8.c4 g6
9.b3 Bg7 10.Bb2 O-O 11.Nc3 Nbd7 12.Rac1 b6 13.Rfd1 Bb7 14.Bb1 Rad8 15.f3 Qb8
16.Qf2 Rfe8 17.Nc2 d5 18.exd5 exd5 19.Re1 dxc4 20.bxc4 Ne5 21.Ne3 Qa8 22.Ned5 Nxd5
23.cxd5 Bxd5 24.Ne4 f5 25.Ng5 h6 26.Nh3 b5 27.Rcd1 Bf7 28.a3 Nxf3+ 29.gxf3 Rxd1
30.Rxd1 Bxb2 31.Qxb2 Qxf3 32.Nf2 Bd5 33.Rxd5 Re1+  0-1

[Event "Goodricke Open"]
[Site "Calcutta IND"]
[Date "2000.02.06"]
[Round "1"]
[White "Collas,D"]
[Black "Kunte,A"]
[Result "0-1"]
[WhiteElo "2365"]
[BlackElo "2487"]

1.e4 c5 2.Nf3 e6 3.d4 cxd4 4.Nxd4 a6 5.Bd3 Qb6 6.Nb3 Qc7 7.c4 Nf6 8.Nc3 d6
9.O-O Nbd7 10.f4 g6 11.e5 Nh5 12.Ne4 f5 13.exf6 Ndxf6 14.Ng5 Ng7 15.Bd2 Be7
16.Bc3 O-O 17.Kh1 Bd7 18.Qe1 Nfh5 19.Nh3 Rae8 20.Qe3 Nf5 21.Qd2 Bf6 22.Bxf6 Nxf6
23.Ng5 h6 24.Nf3 Kh7 25.Rac1 b6 26.Bb1 Bc8 27.Nbd4 Bb7 28.b4 Nxd4 29.Qxd4 e5
30.fxe5 dxe5 31.Qh4 e4 32.Ng5+ Kg7 33.Nh3 e3 34.Nf4 e2 35.Qg3 exf1=Q+ 36.Rxf1 Kg8
37.Bxg6 Qg7 38.Bxe8 Rxe8 39.Qf2 Ng4 40.Qxb6 Ne3 41.Rg1 Nxc4 42.Qc5 Rc8 43.Qf5 Rf8
44.Qe6+ Qf7 45.Qg4+ Kh7 46.Ne6 Re8 47.Qxc4 Qxe6 48.Qxe6 Rxe6 49.Rd1 Re2 50.Rd7+ Kg6
51.Kg1 Bxg2 52.Rd6+ Kg5 53.Rxa6 Bf3 54.h4+ Kh5 55.Rf6 Bg4 56.a4 Re6 57.Rf8 Kxh4
58.a5 Kg3 59.b5 Re1+ 60.Rf1 Rxf1+ 61.Kxf1 Bd7 62.b6 Bc8  0-1

[Event "Goodricke Open"]
[Site "Calcutta IND"]
[Date "2000.02.07"]
[Round "2"]
[White "Joshi,GB"]
[Black "Sriram,J"]
[Result "0-1"]
[WhiteElo "2306"]
[BlackElo "2356"]

1.e4 c5 2.Nf3 e6 3.d4 cxd4 4.Nxd4 a6 5.Bd3 Nf6 6.O-O Qc7 7.Be3 d5 8.exd5 Nxd5
9.Bd2 Bd6 10.h3 Be5 11.c3 Bd7 12.Na3 Nc6 13.Nf3 Bf6 14.Re1 O-O 15.Qc2 g6
16.Bh6 Rfe8 17.Nc4 Rad8 18.Rad1 Bc8 19.Qc1 b5 20.Ne3 Nxe3 21.Qxe3 Ne7 22.Be4 Bh8
23.Qf4 e5 24.Qh4 f6 25.a4 Bf5 26.axb5 axb5 27.Bc1 Rxd1 28.Rxd1 Rd8 29.Rxd8+ Qxd8
30.Bxf5 Qd1+ 31.Kh2 Nxf5 32.Qb4 Qxc1 33.Qxb5 Qf4+ 34.Kg1 e4 35.Qe8+ Kg7 36.Nd4 Nxd4
37.cxd4 Qc1+ 38.Kh2 Qxb2 39.Qe7+ Kh6 40.Qxe4 Qxf2  0-1

[Event "Goodricke Open"]
[Site "Calcutta IND"]
[Date "2000.02.08"]
[Round "3"]
[White "Sriram,J"]
[Black "Vaidya,A"]
[Result "1-0"]
[WhiteElo "2356"]
[BlackElo "2261"]

1.e4 c5 2.Nf3 e6 3.d4 cxd4 4.Nxd4 a6 5.Bd3 Nf6 6.O-O Qc7 7.Qe2 d6 8.c4 g6
9.Nc3 Bg7 10.Rd1 O-O 11.Nf3 Nbd7 12.Bf4 Ng4 13.Rac1 Nge5 14.b3 Nxf3+ 15.Qxf3 Ne5
16.Qe3 Bd7 17.Be2 Rfd8 18.Bh6 f6 19.Bxg7 Kxg7 20.f4 Nf7 21.Kh1 Qc5 22.Qd2 Rac8
23.Bg4 Rc7 24.Ne2 Bc8 25.Nd4 Re7 26.b4 Qc7 27.Bf3 b6 28.Qf2 Bb7 29.Rf1 Rc8
30.f5 e5 31.Ne6+ Rxe6 32.fxe6 Ng5 33.Qe3 Re8 34.c5 bxc5 35.bxc5 Nxe6 36.cxd6 Qxd6
37.Rb1 Re7 38.Rb6 Qd4 39.Qa3 Qc5 40.Qb2 Qc8 41.Bg4  1-0

[Event "Goodricke Open"]
[Site "Calcutta IND"]
[Date "2000.02.09"]
[Round "4"]
[White "Singh,G"]
[Black "Sorokin,M"]
[Result "1/2-1/2"]
[WhiteElo "2312"]
[BlackElo "2572"]

1.e4 c5 2.Nf3 e6 3.d4 cxd4 4.Nxd4 a6 5.Bd3 Nf6 6.O-O d6 7.c4 Bd7 8.Nc3 Nc6
9.Nxc6 Bxc6 10.Qe2 Be7 11.b3 O-O 12.Bb2 Qa5 13.Rfd1 Rfe8 14.Rac1 Qg5 15.Bb1 b5
16.cxb5 axb5 17.b4 Rac8 18.a3 Nd7 19.g3 h5 20.f4 Qg4 21.Qxg4 hxg4 22.Bd3 Bf6
23.e5 dxe5 24.Bxb5 Bxb5 25.Nxb5 exf4 26.Bxf6 Nxf6 27.Rxc8 Rxc8 28.gxf4 Nd5
29.f5 Ne3 30.Nd6 Rc3 31.fxe6 fxe6 32.Rb1 Rxa3 33.b5 Nf5 34.Nxf5 exf5 35.b6 Ra8
36.b7 Rb8 37.Kf2 Kf7 38.Rb6 f4 39.Rb4 g5 40.Rb6 Ke8 41.Rb5 Kd7 42.Rxg5  1/2-1/2

[Event "5th HIT Open"]
[Site "Nova Gorica SLO"]
[Date "2000.02.09"]
[Round "9"]
[White "Grabics,M"]
[Black "Timoscenko,G"]
[Result "1/2-1/2"]
[WhiteElo "2341"]
[BlackElo "2519"]

1.e4 c5 2.Nf3 e6 3.d4 cxd4 4.Nxd4 a6 5.Bd3 Nf6 6.O-O Qc7 7.f4 Bc5 8.c3 d6
9.Kh1 Nc6 10.Nxc6 bxc6 11.Qe2 d5 12.e5 Nd7 13.Qg4 g6 14.Nd2 a5 15.Nf3 Ba6
16.Bxa6 Rxa6 17.Ng5 a4 18.Bd2 Be7 19.b4 axb3 20.axb3 Rxa1 21.Rxa1 Qb7 22.b4 h5
23.Qg3 h4 24.Qg4 Bxg5 25.Qxg5 h3 26.Be3 Rh5 27.Qg3 hxg2+ 28.Qxg2 c5 29.bxc5 Qb5
30.c4 Qxc4 31.Rc1 Qd3 32.c6 Qxe3 33.cxd7+ Kxd7 34.Qb2 Qf3+ 35.Kg1 Qg4+ 36.Kh1 Qf3+
37.Kg1 Qe3+ 38.Kh1 Qe4+ 39.Kg1 Qe3+ 40.Kh1  1/2-1/2

[Event "2nd Novak Nikolic mem"]
[Site "Belgrade YUG"]
[Date "2000.02.10"]
[Round "8"]
[White "Vuckovic,Bo"]
[Black "Pikula,D"]
[Result "1-0"]
[WhiteElo "2427"]
[BlackElo "2476"]

1.e4 c5 2.Nf3 e6 3.d4 cxd4 4.Nxd4 a6 5.Bd3 Qb6 6.Nb3 Qc7 7.O-O Nf6 8.Nc3 d6
9.f4 Nbd7 10.Qf3 h5 11.Bd2 b6 12.Rae1 Bb7 13.Qg3 h4 14.Qh3 O-O-O 15.a4 Nc5
16.a5 b5 17.Be3 Kb8 18.Bd4 Nfd7 19.Nd2 e5 20.Be3 exf4 21.Rxf4 Ne5 22.Rxh4 Rxh4
23.Qxh4 Re8 24.Bf1 Qxa5 25.Nd5 Qd8 26.Qf4 Re6 27.b4 Ncd7 28.Bf2 Be7 29.Qe3 Bg5
30.Qd4 Nc6 31.Qc3 Nf6 32.Nf3 Bh6 33.Nd4 Nxd4 34.Qxd4 Nxd5 35.exd5 Rxe1 36.Bxe1 Qg5
37.c4 bxc4 38.Bxc4 Qc1 39.Kf2 Bf4 40.g3 Be5 41.Qe4 Qb2+ 42.Kg1 f5 43.Qe2 Qa1
44.Qd2 g5 45.Kf1 f4 46.gxf4 Bxf4 47.Qe2 Be5 48.Qf2 Qc1 49.Bd3 g4 50.Be2 Bg7
51.Qb6 Qf4+ 52.Bf2 Qf6 53.Bxg4 Bh6 54.Kg2 Qg7 55.Qa7+ Kc7 56.Bb6+  1-0

[Event "Goodricke Open"]
[Site "Calcutta IND"]
[Date "2000.02.11"]
[Round "6"]
[White "Konguvel,P"]
[Black "Vaidya,A"]
[Result "1/2-1/2"]
[WhiteElo "2356"]
[BlackElo "2261"]

1.e4 c5 2.Nf3 e6 3.d4 cxd4 4.Nxd4 a6 5.Bd3 Nf6 6.O-O Qc7 7.Qe2 d6 8.c4 g6
9.Nc3 Bg7 10.Rd1 O-O 11.Nf3 Nbd7 12.Bf4 Ng4 13.Rac1 Nge5 14.b3 Nxf3+ 15.Qxf3 Ne5
16.Qe2 Rd8 17.Bb1 Bd7 18.Be3 Bc6 19.f4 Nd7 20.Qf2 Qa5 21.Ne2 Bb2 22.Rc2 Ba3
23.Ng3 Nf6 24.Bb6 Qxb6 25.Qxb6 Bc5+ 26.Qxc5 dxc5 27.Rcd2  1/2-1/2

[Event "Steinitz Mem"]
[Site "Rio de Janeiro BRA"]
[Date "2000.02.11"]
[Round "2"]
[White "Benares,R"]
[Black "Fernandes,J"]
[Result "1/2-1/2"]
[WhiteElo "2236"]
[BlackElo "2272"]

1.e4 c5 2.Nf3 e6 3.d4 cxd4 4.Nxd4 a6 5.Bd3 Nf6 6.O-O Qc7 7.Nc3 b5 8.a3 Bb7
9.Kh1 Bc5 10.Nb3 Ba7 11.Qe2 Nc6 12.f4 d6 13.Be3 Bxe3 14.Qxe3 O-O 15.Rae1 Rad8
16.Qh3 g6 17.Qh4 Qe7 18.Rf3 Nd5 19.Qh6 Nxc3 20.bxc3 Qf6 21.f5 Qg7 22.Qh4 Ne5
23.Rg3 Nd7 24.Nd4 Rde8 25.Rf1 Nf6 26.Kg1 Bc8 27.c4 bxc4 28.Bxc4 exf5 29.Nxf5 Bxf5
30.exf5 Re4 31.Rf4 Rxf4 32.Qxf4 Nh5 33.f6 Nxf6 34.Rf3 d5 35.Bxa6 Ne4 36.h3 Qb2
37.Qc7 Ng5 38.Rb3 Qc1+ 39.Kh2 Ne6 40.Qc3 Qf4+ 41.Kg1 d4 42.Qc6 Qc1+ 43.Bf1 Rd8
44.Qe4 Qg5 45.Rf3 Qc5 46.h4 d3+ 47.Qe3 d2 48.Qxc5 Nxc5 49.Be2 d1=Q+ 50.Bxd1 Rxd1+
51.Kh2 Rd4 52.Kh3 Rc4 53.Re3 Rxc2 54.Kg3 Kf8 55.Kf3 f5 56.h5 Kf7 57.hxg6+ hxg6
58.g3 Rc4 59.Ke2 Kf6 60.Kd2 Rd4+ 61.Kc3 Re4 62.Rf3 Ke5 63.Rf1 Re3+ 64.Kb4 Rxg3
65.Kxc5 f4 66.a4 Rc3+ 67.Kb4 Re3 68.a5 Kd5 69.Rxf4 Kc6 70.Rg4 g5 71.Rxg5 Re1
72.Rg6+ Kb7 73.Kb5 Rb1+ 74.Kc5 Ra1 75.Re6 Rxa5+  1/2-1/2

[Event "2nd Novak Nikolic mem"]
[Site "Belgrade YUG"]
[Date "2000.02.12"]
[Round "10"]
[White "Vuckovic,Bo"]
[Black "Martinovic,S"]
[Result "1-0"]
[WhiteElo "2427"]
[BlackElo "2448"]

1.e4 c5 2.Nf3 e6 3.d4 cxd4 4.Nxd4 a6 5.Bd3 d5 6.exd5 Qxd5 7.O-O Nf6 8.b3 Bd7
9.Bb2 Nc6 10.Nf3 Be7 11.Nbd2 O-O 12.Nc4 Rad8 13.Nb6 Qd6 14.Ng5 e5 15.Nc4 Qc7
16.Re1 Bg4 17.Qc1 h6 18.Ne4 Nxe4 19.Bxe4 Bg5 20.Ne3 Nd4 21.h4 Bf4 22.g3 Bf3
23.Bxd4 Bxe4 24.Bb2 Bxe3 25.Qxe3 Bg6 26.Bxe5 Qxc2 27.Qf3 b5 28.h5 Qf5 29.Qc3 Rd3
30.Qb2 Bxh5 31.Bxg7 Rfd8 32.Bxh6 Qg6 33.Be3 Bf3 34.Qe5 R3d5 35.Qf4 Qh5 36.Qh4 Qxh4
37.gxh4 R8d6 38.Kh2 Rh5 39.Kg3 Bc6 40.Bg5 Rg6 41.Rad1 Kg7 42.f4 Bb7 43.Re7 Bc8
44.Rd8  1-0

[Event "FSIMB February"]
[Site "Budapest HUN"]
[Date "2000.02.13"]
[Round "9"]
[White "Wong Zi Jing"]
[Black "Nemeth,Z"]
[Result "1-0"]
[WhiteElo "2324"]
[BlackElo "2379"]

1.e4 c5 2.Nf3 e6 3.d4 cxd4 4.Nxd4 a6 5.Bd3 g6 6.c4 Bg7 7.Ne2 Ne7 8.Nbc3 O-O
9.O-O d5 10.cxd5 exd5 11.Bg5 dxe4 12.Bxe4 Qxd1 13.Rfxd1 Nbc6 14.Na4 f6 15.Nb6 Rb8
16.Bf4 Ne5 17.Bxe5 fxe5 18.Nd7 Bxd7 19.Rxd7 Nc6 20.Rad1 Rfc8 21.Nc3 b6 22.Bd5+ Kh8
23.Bxc6 Rxc6  1-0

[Event "FSIMA February"]
[Site "Budapest HUN"]
[Date "2000.02.15"]
[Round "11"]
[White "Balogh,C"]
[Black "Szeberenyi,A"]
[Result "1/2-1/2"]
[WhiteElo "2356"]
[BlackElo "2257"]

1.e4 c5 2.Nf3 e6 3.d4 cxd4 4.Nxd4 a6 5.Bd3 Bc5 6.Nb3 Ba7 7.c4 Nc6 8.Nc3 Nge7
9.O-O O-O 10.Qe2 Qc7 11.Be3 Bxe3 12.Qxe3 Ne5 13.c5 d6 14.cxd6 Qxd6 15.Be2 Bd7
16.Rfd1 Qc7 17.Rac1 Bc6 18.Nd4 N5g6 19.g3 Rfd8 20.b4 Rac8 21.Na4 e5 22.Nxc6 Nxc6
23.Nb6 Rxd1+ 24.Rxd1 Rd8 25.Qc5 Rxd1+ 26.Bxd1 Qe7 27.a3 Qxc5 28.bxc5 Nd4
29.Ba4 Nf8 30.Nc4 Nfe6 31.c6 bxc6 32.Nxe5 c5 33.Nc4 Kf8 34.Kf1 Ke7 35.f4 Nc7  1/2-1/2

[Event "8th Valle d'Aosta Open"]
[Site "Saint Vincent ITA"]
[Date "2000.02.15"]
[Round "4"]
[White "Calzetta,M"]
[Black "Stefanova,A"]
[Result "0-1"]
[WhiteElo "2267"]
[BlackElo "2495"]

1.e4 c5 2.Nf3 e6 3.d4 cxd4 4.Nxd4 a6 5.Bd3 Nf6 6.O-O d6 7.c4 Qc7 8.Nc3 g6
9.Be3 Bg7 10.Rc1 O-O 11.h3 b6 12.b4 Bb7 13.Nb3 Nbd7 14.f4 Rac8 15.Qe2 Qb8
16.Qf2 Ba8 17.Rfe1 Rc7 18.g4 b5 19.c5 dxc5 20.Nxc5 Nxc5 21.Bxc5 Rd8 22.Bb1 Rxc5
23.bxc5 b4 24.Ne2 Nxe4 25.Bxe4 Bxe4 26.Red1 Bd5 27.c6 Qc7 28.Qc5 Bf8 29.Qc2 a5
30.f5 Bh6 31.fxg6 Be3+ 32.Kf1 fxg6 33.Rxd5 exd5  0-1

[Event "Belgian Interteams 1999-2000"]
[Site "Antwerp BEL"]
[Date "2000.02.20"]
[Round "10"]
[White "Schebler,G"]
[Black "Den Boer,B"]
[Result "1-0"]
[WhiteElo "2477"]
[BlackElo "2353"]

1.Nf3 c5 2.e4 e6 3.d4 cxd4 4.Nxd4 a6 5.Bd3 d6 6.O-O g6 7.Be3 Bg7 8.Qd2 Nc6
9.Be2 Nf6 10.Nc3 O-O 11.Rad1 Ne8 12.f4 Qa5 13.Nb3 Qc7 14.f5 b5 15.fxe6 fxe6
16.Rxf8+ Bxf8 17.Rf1 Bg7 18.Bg5 Bd7 19.Kh1 Rc8 20.Qf4 Ne5 21.Bd3 Bc6 22.h3 Nf7
23.Bh4 Be5 24.Qg4 Ng7 25.Nd1 Bb7 26.Nd2 Re8 27.Nf3 d5 28.exd5 exd5 29.Nxe5 Nxe5
30.Bg3 Qe7 31.Bxe5 Qxe5 32.Qf3 Qc7 33.Nc3 Nh5 34.Kg1 Ng3 35.Nxd5 Qc5+ 36.Rf2 Bxd5
37.Qxg3 Rf8 38.Kf1 Bxa2 39.Rxf8+ Qxf8+ 40.Kg1 Bd5 41.Qe5 Qc5+ 42.Kh2 Qc6
43.Qb8+ Kg7 44.Qa7+ Kg8 45.Qb8+ Kg7 46.Qe5+ Kg8 47.Qg3 Qe6 48.b4 Kg7 49.Qc7+ Kg8
50.h4 Qf6 51.Qg3 Kg7 52.Qc7+ Kh6 53.Kg3 Qd4 54.Qe7 Bc4 55.Qf8+ Kh5 56.Qf3+ Kh6
57.Qf4+ Qxf4+ 58.Kxf4 Kh5 59.g3 h6 60.Bxc4 bxc4 61.c3 g5+ 62.Kf5  1-0

[Event "8th Valle d'Aosta Open"]
[Site "Saint Vincent ITA"]
[Date "2000.02.20"]
[Round "9"]
[White "Mrdja,M"]
[Black "Davies,N"]
[Result "0-1"]
[WhiteElo "2425"]
[BlackElo "2497"]

1.e4 c5 2.Nf3 e6 3.d4 cxd4 4.Nxd4 a6 5.Bd3 Qb6 6.Nf3 Qc7 7.O-O d6 8.c4 Nf6
9.Nc3 Be7 10.Re1 O-O 11.h3 Nbd7 12.Be3 b6 13.Rc1 Bb7 14.b4 Rac8 15.Qb3 Rfd8
16.Nd2 Bf8 17.f4 Qb8 18.a3 g6 19.Nf3 Bg7 20.Qa2 b5 21.cxb5 axb5 22.Bd4 Nh5
23.Bxg7 Nxf4 24.Bf1 Kxg7 25.Qd2 e5 26.Kh2 Nf6 27.Bxb5 d5 28.exd5 e4 29.Nd4 e3
30.Rxe3 Ne2+ 31.Kh1 Nxc1 32.Re7 Kg8 33.Nf5 Bxd5 34.Nxd5 Rxd5 35.Nh6+ Kg7
36.Rxf7+ Kh8  0-1

[Event "Masters"]
[Site "Monaco MNC"]
[Date "2000.02.23"]
[Round "3"]
[White "Olivier,JC"]
[Black "Mory,E"]
[Result "0-1"]
[WhiteElo "2356"]
[BlackElo "2134"]

1.e4 c5 2.Nf3 e6 3.d4 cxd4 4.Nxd4 a6 5.Bd3 Bc5 6.Nb3 Ba7 7.O-O Nc6 8.Qg4 Qf6
9.Nc3 h5 10.Qe2 Nge7 11.Be3 g5 12.Bxa7 Rxa7 13.Qe3 Qf4 14.Qxf4 gxf4 15.Rfd1 Ng6
16.Be2 Ke7 17.Rd2 Nce5 18.Nd4 b5 19.f3 Rg8 20.Kf2 Rc7 21.Nb3 h4 22.Na5 Rc5
23.Nb3 Rc7 24.a4 b4 25.Na2 Nc6 26.Rad1 Nge5 27.Nbc1 Rg5 28.Bf1 f6 29.Be2 Ng6
30.Nd3 Rb7 31.Nac1 Na5 32.b3 Nc6 33.Nb2 Rc7 34.Nc4 a5 35.Nd6 Nb8 36.Bb5 Ne5
37.Ne2 Ng6 38.Nxc8+ Rxc8 39.Bxd7 Rc7 40.Bb5 Rgc5 41.Rd8 Nc6 42.Rg8 Kf7 43.Rxg6 Kxg6
44.Nxf4+ Kf7 45.Bc4 Ne5 46.Bxe6+ Ke8 47.Ne2 Rxc2 48.f4 Re7 49.Bf5 Nc6 50.Rd6 Rc7
51.Kf3 Rb2 52.Bg4 Ke7 53.Rd3 Rc8 54.g3 Rd8 55.Re3 Rdd2 56.Bh5 Rxe2 57.Rxe2 Nd4+
58.Ke3 Nxe2 59.Bxe2 Rxb3+ 60.Bd3 hxg3 61.hxg3 Ra3 62.g4 b3 63.Kd2 b2 64.Bb1 Rxa4
65.Kc3 Rb4 66.g5 fxg5 67.fxg5 Rb8 68.e5 a4 69.g6 a3 70.Kc2 Kf8 71.e6 Kg7
72.e7 Kf6 73.Kc3 Kxe7  0-1

[Event "ch-Serbia"]
[Site "Kragujevac YUG"]
[Date "2000.02.24"]
[Round "6"]
[White "Marinkovic,Sl"]
[Black "Mijailovic,Z"]
[Result "1/2-1/2"]
[WhiteElo "2458"]
[BlackElo "2394"]

1.e4 c5 2.Nf3 e6 3.d4 cxd4 4.Nxd4 a6 5.Bd3 g6 6.O-O Bg7 7.Nf3 Nc6 8.Qe2 Nge7
9.e5 d6 10.exd6 Qxd6 11.Nbd2 O-O 12.Nc4 Qc7 13.Re1 Nb4 14.Bd2 Nxd3 15.cxd3 Nd5
16.Rac1 Qd8 17.d4 Bd7 18.Nce5 Qe7 19.h4 Rfc8 20.h5 Be8 21.hxg6 hxg6 22.Qe4 Rxc1
23.Rxc1 Bf6 24.Qg4 Qf8 25.Qg3 Rd8 26.Ng4 Bg7 27.Qh4 f6 28.Re1 Bd7 29.a3 Rc8
30.Rc1 Rxc1+ 31.Bxc1 Bb5 32.Nh6+ Bxh6 33.Bxh6 Qf7 34.Be3 Bc6 35.Nh2 g5 36.Qh3 Bd7
37.Qg3 Qh5 38.Qd6 Qe8 39.Ng4 Kg7 40.Bd2 Bc6 41.f3  1/2-1/2

[Event "Open"]
[Site "Cannes FRA"]
[Date "2000.02.26"]
[Round "7"]
[White "Smith,AP"]
[Black "Vaisman,V"]
[Result "1-0"]
[WhiteElo "2231"]
[BlackElo "2385"]

1.e4 c5 2.Nf3 e6 3.d4 cxd4 4.Nxd4 a6 5.Bd3 Nf6 6.O-O d6 7.c4 Nbd7 8.Nc3 b6
9.b3 Bb7 10.Qe2 Be7 11.Bb2 O-O 12.f4 e5 13.Nf5 exf4 14.Nd5 Bxd5 15.exd5 Re8
16.Rxf4 Bf8 17.Qf2 Ne5 18.Bc2 g6 19.Ng3 Nfg4 20.Qd4 f5 21.Nxf5 gxf5 22.Bxf5 Nf6
23.Be6+ Kh8 24.Raf1 Bg7 25.Qc3 Rf8 26.Qh3 Qe7 27.g4 Nfd7 28.Bf5 Rxf5 29.gxf5 Bf6
30.Bd4 Rg8+ 31.Kh1 a5 32.Rg1 Rxg1+ 33.Kxg1 Qg7+ 34.Kf1 Nc5 35.Bxe5 dxe5 36.Rg4 Qf8
37.Qh5 e4 38.Rg6 Nd3 39.Rh6 Qe7 40.Qg6 Bg7 41.Qxh7+  1-0

[Event "NED-chT"]
[Site "Hengelo NED"]
[Date "2000.02.27"]
[Round "4"]
[White "Bosch,Je"]
[Black "Brenninkmeijer,J"]
[Result "1/2-1/2"]
[WhiteElo "2415"]
[BlackElo "2499"]

1.e4 c5 2.Nf3 e6 3.d4 cxd4 4.Nxd4 a6 5.Bd3 Bc5 6.c3 Nc6 7.Be3 Be7 8.Nd2 Qc7
9.O-O d6 10.f4 Nf6 11.Kh1 Bd7 12.Qe2 O-O 13.Rae1 Rae8 14.Qf3 e5 15.Nf5 Bxf5
16.exf5 d5 17.Qh3 e4 18.Be2 d4 19.Bxd4 Nxd4 20.cxd4 Qc2 21.Qc3 Rc8 22.Bc4 Qa4
23.Bb3 Rxc3 24.Bxa4 Rd3 25.Nxe4 Rxd4 26.Nxf6+ Bxf6 27.Bb3 Rfd8 28.Rd1  1/2-1/2

[Event "II Vince Toth Mem"]
[Site "Rio de Janeiro BRA"]
[Date "2000.02.28"]
[Round "3"]
[White "Vescovi,G"]
[Black "Dumont,S"]
[Result "1/2-1/2"]
[WhiteElo "2511"]
[BlackElo "2297"]

1.e4 c5 2.Nf3 e6 3.d4 cxd4 4.Nxd4 a6 5.Bd3 g6 6.c4 Bg7 7.Be3 d5 8.exd5 exd5
9.Nc3 Nf6 10.O-O O-O 11.h3 Nbd7 12.Rc1 dxc4 13.Bxc4 Nb6 14.Qb3 Nxc4 15.Qxc4 b5
16.Qc6 Bd7 17.Qb7 Qb8 18.Qf3 b4 19.Nd5 Nxd5 20.Qxd5 Bb5 21.Rfd1 Rd8 22.Qc5 Be8
23.b3 Qb7 24.Ne2 Rxd1+ 25.Rxd1 Qb5 26.Qc2 a5 27.Nf4 Bc6 28.Rd6 Bb7 29.Qd1 Qe8
30.Nd5 Bxd5 31.Qxd5 Bf8 32.Rd7 Rc8 33.Kh2 Be7 34.Bd4 Bf8 35.Bb6 Qe6 36.Qxe6 fxe6
37.Rd2 Kf7 38.Bxa5 e5 39.Rd7+ Ke6 40.Rb7 Rc2 41.Bxb4 Bxb4 42.Rxb4 Rxf2 43.a4 Ra2
44.Kg3 Kd5 45.Kf3 Kc5 46.Rb7 h5 47.g3 Kd4 48.Rd7+ Kc3 49.Rd5 Kxb3 50.a5 h4
51.gxh4 e4+ 52.Kxe4 Ra4+ 53.Ke5 Rxh4 54.a6 Ra4 55.Rd3+ Kc2 56.Rd6 g5 57.Kd5 Ra3
58.Rh6 Kd3 59.Kc5 Ke4 60.h4 g4 61.Rg6 g3 62.Kb5 Kf3 63.h5 Rb3+ 64.Kc6 Rc3+
65.Kd7 g2 66.h6  1/2-1/2

[Event "3rd Open"]
[Site "Malaga ESP"]
[Date "2000.03.01"]
[Round "6"]
[White "Teran Alvarez,I"]
[Black "Hamdouchi,H"]
[Result "1/2-1/2"]
[WhiteElo "2401"]
[BlackElo "2513"]

1.e4 c5 2.Nf3 e6 3.d4 cxd4 4.Nxd4 a6 5.Bd3 Nf6 6.O-O Qc7 7.Qe2 d6 8.c4 g6
9.Nc3 Bg7 10.Nf3 Nbd7 11.Bf4 O-O 12.Rac1 b6 13.Rfd1 Nh5 14.Be3 Bb7 15.Bb1 Rfd8
16.Bg5  1/2-1/2

[Event "Varsity Match"]
[Site "London ENG"]
[Date "2000.03.04"]
[Round "1"]
[White "Moskovic,D"]
[Black "Eklund,J"]
[Result "0-1"]
[WhiteElo "2247"]
[BlackElo "2067"]

1.e4 c5 2.Nf3 e6 3.d4 cxd4 4.Nxd4 a6 5.Bd3 Bc5 6.Nb3 Be7 7.O-O Qc7 8.Qg4 g6
9.Qe2 d6 10.c4 b6 11.Nc3 Bb7 12.f4 Nd7 13.Bd2 Ngf6 14.Rae1 h5 15.Kh1 h4 16.Nd4 Nc5
17.Nf3 Nxd3 18.Qxd3 h3 19.g3 O-O-O 20.Ng5 d5 21.cxd5 exd5 22.e5 d4+ 23.Nce4 Nxe4
24.Nxe4 Qd7 25.Kg1 Qd5 26.Qb3 Qxb3 27.axb3 d3 28.f5 Rd4 29.f6 Bf8 30.Ng5 Bc5
31.Nxf7 Re4+ 32.Rf2 Rxe1+ 33.Bxe1 Rf8 34.Nd6+ Kb8 35.Nxb7 Kxb7 36.Bc3 Bxf2+
37.Kxf2 Kc6 38.e6 Kd6 39.e7 Ra8 40.Ke3  0-1

[Event "Oz.com qualifier blitz"]
[Site "Internet ICC"]
[Date "2000.03.05"]
[Round "2"]
[White "Tissir,M"]
[Black "Kreiman,B"]
[Result "1-0"]
[WhiteElo "2311"]
[BlackElo "2515"]

1.e4 c5 2.Nf3 e6 3.d4 cxd4 4.Nxd4 a6 5.Bd3 Nf6 6.O-O d6 7.c4 b6 8.Nc3 Bb7
9.Qe2 Nbd7 10.f4 Qc7 11.Kh1 g6 12.f5 e5 13.Ne6 fxe6 14.fxe6 Be7 15.exd7+ Qxd7
16.Bh6 Rg8 17.Bg5 Nh5 18.Be3 Bd8 19.a4 Rc8 20.Nd5 Bxd5 21.cxd5 Nf4 22.Bxf4 exf4
23.Bxa6 Rc5 24.Bb5 Rxb5 25.axb5 Rf8 26.e5 dxe5 27.Qxe5+ Qe7 28.Qd4 Qf6 29.Qe4+ Qe7
30.Qc4 Qd6 31.Rae1+ Be7 32.Re6 Qc5 33.Qxc5 bxc5 34.d6  1-0

[Event "Oz.com qualifier blitz"]
[Site "Internet ICC"]
[Date "2000.03.05"]
[Round "3"]
[White "MacArthur,J"]
[Black "Zapata,A"]
[Result "1/2-1/2"]
[WhiteElo "2150"]
[BlackElo "2457"]

1.e4 c5 2.Nf3 e6 3.d4 cxd4 4.Nxd4 a6 5.Bd3 Nf6 6.O-O Qc7 7.Qe2 d6 8.c4 Be7
9.Nc3 O-O 10.Rd1 Nbd7 11.Nc2 b6 12.Ne3 Bb7 13.Bd2 Rfe8 14.Be1 Rac8 15.Rac1 Qb8
16.a3 Bf8 17.Qd2 Nc5 18.Qc2 g6 19.b4 Nxd3 20.Qxd3 Qc7 21.Qd4 Nd7 22.f4 e5
23.fxe5 Nxe5 24.Ncd5 Qd8 25.Qxb6 Bxd5 26.Qxd8 Rexd8 27.cxd5 Bh6 28.Bd2 Nd3
29.Rc6 Ne5 30.Rcc1 Nd3 31.Rc6 Ne5 32.Rcc1 Nd3  1/2-1/2

[Event "FSIMA March"]
[Site "Budapest HUN"]
[Date "2000.03.11"]
[Round "6"]
[White "Lakos,N"]
[Black "Reiss,T"]
[Result "1/2-1/2"]
[WhiteElo "2316"]
[BlackElo "2255"]

1.e4 c5 2.Nf3 e6 3.d4 cxd4 4.Nxd4 a6 5.Bd3 Nf6 6.Nc3 Qc7 7.f4 Bb4 8.Bd2 Bxc3
9.bxc3 d6 10.O-O e5 11.Nf3 Nbd7 12.Qe1 O-O 13.fxe5 dxe5 14.Nh4 Ne8 15.Nf5 Nc5
16.Qh4 Bxf5 17.Rxf5 f6 18.Bc4+ Kh8 19.Bd5 Nd6 20.Rf3 g5 21.Qe1 Rad8 22.Rd1 b5
23.h4 h6 24.hxg5 fxg5 25.Rh3 Kg7 26.Qe2 Rh8 27.Qg4 Qd7 28.Qg3 Qe7 29.Qg4 Qd7
30.Qg3 Qe7 31.Qg4 Qd7  1/2-1/2

[Event "FSIMA March"]
[Site "Budapest HUN"]
[Date "2000.03.13"]
[Round "8"]
[White "Lakos,N"]
[Black "Nemeth,Z"]
[Result "1/2-1/2"]
[WhiteElo "2316"]
[BlackElo "2379"]

1.e4 c5 2.Nf3 e6 3.d4 cxd4 4.Nxd4 a6 5.Bd3 g6 6.c4 Bg7 7.Ne2 Ne7 8.Nbc3 O-O
9.O-O d5 10.cxd5 exd5 11.Bg5 d4 12.Nd5 f6 13.Bc4 Nxd5 14.Bxd5+ Kh8 15.Bc1 f5
16.Nxd4 fxe4 17.Nc2 Qe7 18.Qe2 Bf5 19.Be3 Nd7 20.Bd4 Nf6 21.Bxf6 Bxf6 22.Ne3 Rad8
23.Rad1 Be5 24.b3 b5 25.a4 Bd7 26.axb5 axb5 27.g3 Bg7 28.Ng2 Rde8 29.Qxe4 Qxe4
30.Bxe4 Be6 31.Bc6 Rd8 32.Bxb5 Bxb3 33.Rxd8 Rxd8 34.Ne3 h5 35.h4 Rd2 36.Rb1 Bf7
37.Rd1 Rb2 38.Bf1 Bh6 39.Re1 Rb3 40.Bg2 Rb2 41.Bf1 Bf8 42.Bg2 Bc5 43.Rc1 Bb6
44.Rc8+ Kg7 45.Rb8 Rb3 46.Kh2 Ba7 47.Rxb3 Bxb3 48.Be4 Kf6 49.Kg2 Bc5 50.Kf1 Ba4
51.Ke2 Bb5+ 52.Kf3 Be8 53.Nd5+ Kg7 54.Nf4 Ba3 55.Ke3 Bc1+ 56.Kf3 Bxf4 57.Kxf4 Kf6
58.f3 Bf7 59.g4 hxg4 60.fxg4 g5+  1/2-1/2

[Event "55th ch-YUG"]
[Site "Subotica YUG"]
[Date "2000.03.16"]
[Round "1"]
[White "Marjanovic,S"]
[Black "Tosic,M"]
[Result "0-1"]
[WhiteElo "2524"]
[BlackElo "2503"]

1.e4 c5 2.Nf3 e6 3.d4 cxd4 4.Nxd4 a6 5.Bd3 Nf6 6.O-O d6 7.c4 Bd7 8.Nc3 Nc6
9.Nxc6 Bxc6 10.Qe2 Be7 11.b3 O-O 12.Bb2 Qa5 13.a3 Rfd8 14.Rad1 Be8 15.Bb1 b5
16.b4 Qb6 17.e5 dxe5 18.c5 Qc7 19.Ne4 Nd5 20.Nd6 Bxd6 21.cxd6 Qxd6 22.Bxe5 Qe7
23.Be4 Rac8 24.Bxg7 Kxg7 25.Bxd5 Qg5 26.Rd3 Kf8 27.Bb7 Rc1 28.Rxd8 Rxf1+
29.Qxf1 Qxd8 30.Qc1 a5 31.Qc5+ Kg7 32.h3 axb4 33.axb4 h6 34.Bf3 Qd2 35.Qe5+ Kf8
36.g3 Qxb4 37.Qh8+ Ke7 38.Qxh6 Qc5 39.Qh4+ f6 40.Qh7+ Bf7 41.Be4 Qg5 42.Bd3 b4
43.Qe4 Qc1+ 44.Kg2 Qc3 45.Bc4 Kd6 46.Qf4+ Qe5 47.Qd2+ Kc5 48.Bb3 Be8 49.h4 Bc6+
50.f3 Bd5 51.Qc2+ Kd6 52.Qd2 Kc5 53.Qc2+ Kb6 54.Qf2+ Kb5 55.Qf1+ Ka5 56.Bxd5 exd5
57.Qd3 d4 58.g4 Qe3 59.Qf5+ Ka4 60.h5 d3 61.h6 d2 62.Qc2+ Ka3 63.h7 b3 64.Qd1 Qe1
65.Qxe1 dxe1=Q 66.h8=Q Qd2+ 67.Kh3 Qc3 68.Qa8+ Kb2 69.Qe4 Kc1 70.Qf4+ Kd1
71.Qd6+ Kc2 72.Qh2+ Qd2 73.Qc7+ Kd1 74.Qc4 Qe3 75.Kg3 Ke1 76.Qb4+ Kf1 77.Qb7 Kg1  0-1

[Event "16th Spring Festival"]
[Site "Budapest HUN"]
[Date "2000.03.18"]
[Round "2"]
[White "Antok,D"]
[Black "Hera,I"]
[Result "1/2-1/2"]
[WhiteElo "2143"]
[BlackElo "2312"]

1.e4 c5 2.Nf3 e6 3.d4 cxd4 4.Nxd4 a6 5.Bd3 Bc5 6.Nb3 Ba7 7.O-O Nc6 8.Qe2 d6
9.Be3 e5 10.c4 Nge7 11.Nc3 Ng6 12.Nd5 Be6 13.Rac1 a5 14.Nd2 O-O 15.Nf3 Bg4
16.h3 Nd4 17.Bxd4 Bxf3 18.Qxf3 Bxd4 19.Rc2 Re8 20.Qg4 Nf8 21.Kh1 Nd7 22.b3 Re6
23.f4 Rg6 24.Qf5 Rg3 25.Rf3 Qh4 26.Rf1 Rd8 27.fxe5 Rxd3 28.Qxf7+ Kh8 29.Qxd7 h5
30.Qf5 dxe5 31.Re2 Rd6 32.Qf8+ Kh7 33.Qf5+ Kh8 34.Qf8+ Kh7 35.Qf5+ Kh8 36.Qf8+  1/2-1/2